ბათუმის შოთა რუსთაველის სახელმწიფო უნივერსიტეტის ბიბლიოთეკა

ბათუმი: წარსული და თანამედროვეობა", საერთაშორისო სამეცნ. კონფერენცია ( VI 2015, ბათუმი) (ბიბ.ჩანაწერი № 50700)

000 -ლიდერი
ფიქსირებული სიგრძის საკონტროლო ველი 02030nam a2200253Ia 4500
001 - საკონტროლო ნომერი
საკონტროლო ველი 17651
003 - საკონტროლო ნომრის იდენტიფიკატორი
საკონტროლო ველი GE_BSU
005 - ბოლო ოპერაციის თარიღი და დრო
საკონტროლო ველი 20200220165146.0
008 - ფიქსირებული სიგრძის მონაცემთა ელემენტები - ზოგადი ინფორმაცია
ფიქსირებული სიგრძის საკონტროლო ველი 181216s2015||||ge |||||||||||||| ||geo||
020 ## - წიგნის საერთაშორისო სტანდარტული ნომერი
International Standard Book Number 19878745
040 ## - კატალოგიზაციის წყარო
Transcribing agency GE_BSU
041 ## - ენის კოდი
Language code of text/sound track or separate title geo
080 ## - უნივერსალური ათობითი კლასიფიკაციის ინდექსი
Universal Decimal Classification number 378.4(479.223)(063)+94(479.223-25) ბ-17
245 ## - ცნობა სათაურის შესახებ
Title ბათუმი: წარსული და თანამედროვეობა", საერთაშორისო სამეცნ. კონფერენცია ( VI 2015, ბათუმი)
Remainder of title VI საერთაშორისო სამეცნიერო კონფერენციის მასალები,ბათუმი,2015 წლის 5-6 სექტემბერი:Proceeding of the international conference Batumi,5-6 September 2015 /
Statement of responsibility, etc სარედ:კოლეგია, ბიჭიკო დიასამიძე, სიმონ გოგიტიძე, ხათუნა დიასამიძე (და სხვ) .
264 ## - წარმოების, გამოცემის, დისტრიბუციის და სხვა ცნობები
გამოცემის, წარმოების, დისტრიბუციის... ადგილი თბილისი :
გამოცემის, წარმოების, დისტრიბუციის... სახელწოდება ჯეოპრინტი ,
გამოცემის, წარმოების, დისტრიბუციის... თარიღი 2015.
300 ## - ფიზიკური აღწერა
Extent 392 გვ;
Dimensions 27 სმ.
Accompanying material ფოტ.პორტ.
653 ## - INDEX TERM--UNCONTROLLED
Uncontrolled term კონფერენცია
653 ## - INDEX TERM--UNCONTROLLED
Uncontrolled term საერთაშორისო სამეცნიერო კონფერენციის მასალები
700 ## - ADDED ENTRY--PERSONAL NAME
Personal name დიასამიძე, ბიჭიკო
Relator term სარედაქციო კოლეგია
9 (RLIN) 324
700 ## - ADDED ENTRY--PERSONAL NAME
Personal name გოგიტიძე , სიმონ
Relator term სარედაქციო კოლეგია
9 (RLIN) 325
700 ## - ADDED ENTRY--PERSONAL NAME
Personal name დიასამიძე, ხათუნა
Relator term სარედაქციო კოლეგია
9 (RLIN) 326
710 ## - ADDED ENTRY--CORPORATE NAME
Relator term ბათუმის შოთა რუსთაველის სახ.უნ-ტის ნიკო ბერძენიშვილის ინ-ტი,ისტორიისა და არქეოლოგიის განყოფილება
9 (RLIN) 7291
942 ## - ADDED ENTRY ELEMENTS (KOHA)
Koha item type წიგნი
Source of classification or shelving scheme
ეგზემპლარები
ჩამოწერის სტატუსი დაკარგული ეგზემპლარის სტატუსი კლასიფიკაციის წყარო ან თაროზე გაწყობის სქემა დაზიანების სტატუსი არ გაიცემა მუდმივი მდებარეობა (დაცვის ადგილი) ამჟამინდელი ადგილსამყოფელი თაროზე განთავსების ადგილი შეძენის თარიღი სრული შენახვის შიფრი შტრიხკოდი ბოლო ოპერაციის თარიღი ეგზემპლარის მიმდევრობითი ნომერი (კეტერი?) ფასის ძალაში შესვლის თარიღი ეგზემპლარის სახეობა
          ბათუმის შოთა რუსთაველის სახელმწიფო უნივერსიტეტის მთავარი ბიბლიოთეკა ბათუმის შოთა რუსთაველის სახელმწიფო უნივერსიტეტის მთავარი ბიბლიოთეკა წიგნსაცავი 2018-12-17 378.4(479.223)(063)+94(479.223-25) ბ-17 45638 2018-12-17 45638 2018-12-17 წიგნი
          ბათუმის შოთა რუსთაველის სახელმწიფო უნივერსიტეტის მთავარი ბიბლიოთეკა ბათუმის შოთა რუსთაველის სახელმწიფო უნივერსიტეტის მთავარი ბიბლიოთეკა წიგნსაცავი 2018-12-17 378.4(479.223)(063)+94(479.223-25) ბ-17 45639 2018-12-17 45639 2018-12-17 წიგნი